Arquitectura inclusiva para adultos con discapacidad : perspectiva de desarrollo integral espacial, para ACOCONE en la comunidad de Coronado
Furkejuvvon:
| Váldodahkki: | |
|---|---|
| Eará dahkkit: | |
| Materiálatiipa: | Girji |
| Giella: | Spanish |
| Almmustuhtton: |
[San José, Costa Rica],
2019
|
| Fáttát: |
ARQUITECTURA Y PERSONAS CON DISCAPACIDADES - VAZQUEZ DE CORONADO (SAN JOSE, COSTA RICA)
> CENTROS DE CAPACITACION - DISEÑOS Y PLANOS
> PARTICIPACION COMUNITARIA - VAZQUEZ DE CORONADO (SAN JOSE, COSTA RICA)
> ESPACIO (ARQUITECTURA)
> DISEÑO ARQUITECTONICO - VAZQUEZ DE CORONADO (SAN JOSE, COSTA RICA)
> IGUALDAD DE OPORTUNIDADES
> SALUD HOLISTICA
> AREAS DE RECREACION
> CAMPOS DEPORTIVOS
> DISEÑO URBANO - ASPECTOS AMBIENTALES
|
| Fáddágilkorat: |
Lasit fáddágilkoriid
Eai fáddágilkorat, Lasit vuosttaš fáddágilkora!
|
MARC
| LEADER | 00000nam a22000007a 4500 | ||
|---|---|---|---|
| 003 | EA0253 | ||
| 005 | 20230307084808.0 | ||
| 008 | 190703b2019 cr a|||| ||m| 00| ||spa d | ||
| 040 | |c cru CEDI | ||
| 100 | |9 17350 |a Rojas Vargas, Andrea María | ||
| 245 | |a Arquitectura inclusiva para adultos con discapacidad : perspectiva de desarrollo integral espacial, para ACOCONE en la comunidad de Coronado | ||
| 260 | |a [San José, Costa Rica], |c 2019 | ||
| 500 | |a Proyecto de graduación (licenciatura en arquitectura)--Universidad de Costa Rica. Facultad de Ingeniería. Escuela de Arquitectura | ||
| 501 | |a Directora de Proyecto de Graduación: Arq. María de los Ángeles Barahona Israel, Dra. | ||
| 610 | |x Asociación Comunitaria de Coronado para Personas con Necesidades Especiales (Costa Rica) | ||
| 650 | |x ARQUITECTURA Y PERSONAS CON DISCAPACIDADES - VAZQUEZ DE CORONADO (SAN JOSE, COSTA RICA) |x CENTROS DE CAPACITACION - DISEÑOS Y PLANOS |x PARTICIPACION COMUNITARIA - VAZQUEZ DE CORONADO (SAN JOSE, COSTA RICA) |x ESPACIO (ARQUITECTURA) |x DISEÑO ARQUITECTONICO - VAZQUEZ DE CORONADO (SAN JOSE, COSTA RICA) |x IGUALDAD DE OPORTUNIDADES |x SALUD HOLISTICA |x AREAS DE RECREACION |x CAMPOS DEPORTIVOS |x DISEÑO URBANO - ASPECTOS AMBIENTALES |9 17351 | ||
| 700 | |9 73 |a Barahona Israel, María de los Ángeles, 1952- |d Directora del TFG | ||
| 942 | |c CEDI |h TFG EA-253 |6 TFG_EA253 | ||
| 999 | |c 21730 |d 21730 | ||
